| 000 | 00000nam 2200000zi 4500 |
| 001 | 9.942540 |
| 003 | CaOODSP |
| 005 | 20250120125929 |
| 006 | m o d f |
| 007 | cr ||||||||||| |
| 008 | 240828t20242018onc o f000 0 fre d |
| 020 | |a9780660733722 |
| 040 | |aCaOODSP|bfre|erda|cCaOODSP |
| 043 | |an-cn--- |
| 086 | 1 |aCP22-153/2024F-PDF |
| 245 | 00|aGuide concernant les présentations pour les nominations du gouverneur en conseil. |
| 264 | 1|a[Ottawa] : |bGouvernement du Canada = Government of Canada, |c2024. |
| 264 | 4|c©2018 |
| 300 | |a1 ressource en ligne (14 pages) |
| 336 | |atexte|btxt|2rdacontent/fre |
| 337 | |ainformatique|bc|2rdamedia/fre |
| 338 | |aressource en ligne|bcr|2rdacarrier/fre |
| 500 | |aPublié aussi en anglais sous le titre : Submission guide for Governor in Council appointments. |
| 520 | |a« Le présent guide vise à informer les fonctionnaires du gouvernement du Canada des modalités relatives aux nominations par décret et aux lignes directrices à suivre pour présenter une demande de nomination à l’approbation du gouverneur en conseil »--Introduction, page 1. |
| 650 | 6|aHauts fonctionnaires|xSélection et nomination|zCanada. |
| 650 | 6|aMinistères|xFonctionnaires|zCanada. |
| 651 | 6|aCanada|xFonctionnaires|xSélection et nomination. |
| 710 | 1 |aCanada. |bBureau du Conseil privé, |eorganisme de publication. |
| 775 | 08|tSubmission guide for Governor in Council appointments.|w(CaOODSP)9.942539 |
| 795 | |tGuide du processus de nominations par décret |w(CaOODSP)9.832843 |
| 856 | 40|qPDF|s306 Ko|uhttps://publications.gc.ca/collections/collection_2025/bcp-pco/CP22-153-2024-fra.pdf |
| 856 | 4 |qHTML|sS.O.|uhttps://www.canada.ca/fr/conseil-prive/programmes/nominations/guide-concernant-presentations-gouverneur-conseil.html |